[Event "Concepcion del Uruguay op"]
[Site "Concepcion del Uruguay"]
[Date "2019.05.05"]
[Round "5"]
[White "Zalisnak, Jacobo"]
[Black "Rubattino, Jorge"]
[Result "1-0"]
[WhiteElo "2078"]
[BlackElo "1682"]
[PlyCount "81"]
[EventDate "2019.05.03"]
[EventType "swiss"]
[EventRounds "6"]
[EventCountry "ARG"]
[SourceTitle "CBM 190 Extra"]
[Source "ChessBase"]
[SourceDate "2019.07.15"]
[SourceVersion "1"]
[SourceVersionDate "2019.07.15"]
[SourceQuality "1"]

1. d4 Nf6 2. Nf3 g6 3. Nc3 d5 4. Bf4 Bg7 5. Qd2 0-0 6. Bh6 Bg4 7. Bxg7 Kxg7 8. Ne5 Be6 9. f3 Nbd7 10. Nd3 c6 11. Nf4 Qc7 12. 0-0-0 b5 13. h4 h6 14. g4 Ne8 15. e4 Nb6 16. exd5 Bxd5 17. Nfxd5 Nxd5 18. Nxd5 cxd5 19. Bxb5 Nd6 20. Bd3 Nc4 21. Bxc4 Qxc4 22. b3 Qc7 23. f4 a5 24. a4 Rfb8 25. Rh3 Rb4 26. Rc3 Qd6 27. f5 Rab8 28. fxg6 fxg6 29. Qe3 R4b7 30. Rc5 Rc7 31. Re1 Rbc8 32. Rxc7 Rxc7 33. Qe5+ Kh7 34. Qxd6 exd6 35. Re6 Rd7 36. c3 Kg7 37. g5 hxg5 38. hxg5 Rc7 39. Kb2 Rc6 40. Re7+ Kf8 41. Ra7 1-0

[Event "Santa Fe Anca op 3rd"]
[Site "Santa Fe"]
[Date "2019.03.23"]
[Round "3"]
[White "Britos, Lucas Martin"]
[Black "Rubattino, Jorge"]
[Result "1-0"]
[WhiteElo "1342"]
[BlackElo "1700"]
[PlyCount "77"]
[EventDate "2019.03.22"]
[EventType "swiss"]
[EventRounds "6"]
[EventCountry "ARG"]
[SourceTitle "CBM 190 Extra"]
[Source "ChessBase"]
[SourceDate "2019.07.15"]
[SourceVersion "1"]
[SourceVersionDate "2019.07.15"]
[SourceQuality "1"]

1. d4 Nf6 2. e3 g6 3. Nf3 Bg7 4. Bd3 d6 5. 0-0 0-0 6. c4 Bg4 7. h3 Bxf3 8. Qxf3 Nc6 9. Rd1 Rb8 10. Bd2 Re8 11. Nc3 e5 12. d5 Nb4 13. Bf1 a5 14. a3 Na6 15. Nb5 b6 16. Na7 Qd7 17. Nc6 Ra8 18. b4 Nb8 19. bxa5 Nxc6 20. dxc6 Qe7 21. axb6 cxb6 22. Rab1 e4 23. Qe2 Qc7 24. Bb4 Red8 25. Rd2 Qxc6 26. Rbd1 Ne8 27. g4 Qd7 28. Rd5 Qe6 29. Qd2 Be5 30. c5 bxc5 31. Bxc5 Nf6 32. Bc4 Qc8 33. Bxd6 Rxd6 34. Rxd6 Qxc4 35. Rc1 Qb3 36. Rd8+ Rxd8 37. Qxd8+ Kg7 38. Rc8 Qxa3 39. g5 1-0

[Event "Gualeguaychu U2000"]
[Site "Gualeguaychu"]
[Date "2018.05.13"]
[Round "5.1"]
[White "Pesuto, Nicolas"]
[Black "Rubattino, Jorge"]
[Result "1/2-1/2"]
[WhiteElo "1953"]
[BlackElo "1700"]
[PlyCount "63"]
[EventDate "2018.05.12"]
[EventType "swiss"]
[EventRounds "5"]
[EventCountry "ARG"]
[SourceTitle "EXT 2024"]
[Source "ChessBase"]
[SourceDate "2023.10.10"]
[SourceVersion "1"]
[SourceVersionDate "2023.10.10"]
[SourceQuality "1"]

1. d4 Nf6 2. Bf4 g6 3. Nf3 Bg7 4. e3 c5 5. c3 Qb6 6. Qb3 d6 7. Bc4 0-0 8. h3 Nc6 9. 0-0 Na5 10. Qxb6 axb6 11. Be2 Nb3 12. Na3 Nxa1 13. Rxa1 Bd7 14. Nd2 Bc6 15. Nc2 Ne4 16. Nf1 e5 17. Bh2 Rfe8 18. f3 Nf6 19. dxe5 dxe5 20. e4 Nh5 21. Nce3 b5 22. g3 c4 23. Kg2 Bh6 24. Bg1 Rf8 25. Ng4 Bg7 26. Bc5 Rfd8 27. a3 Rd7 28. Kf2 Re8 29. Nge3 Nf6 30. Bb4 b6 31. Rc1 Ra8 32. Rc2 1/2-1/2

[Event "Santa Fe U2000 op 2nd"]
[Site "Santa Fe"]
[Date "2018.03.25"]
[Round "5.4"]
[White "Gonzalez, Victor Daniel"]
[Black "Rubattino, Jorge"]
[Result "1-0"]
[WhiteElo "1862"]
[BlackElo "1711"]
[PlyCount "75"]
[EventDate "2018.03.23"]
[EventType "swiss"]
[EventRounds "6"]
[EventCountry "ARG"]
[SourceTitle "EXT 2024"]
[Source "ChessBase"]
[SourceDate "2023.10.10"]
[SourceVersion "1"]
[SourceVersionDate "2023.10.10"]
[SourceQuality "1"]

1. e4 c5 2. Nf3 Nc6 3. d4 cxd4 4. Nxd4 e5 5. Nb5 a6 6. Nd6+ Bxd6 7. Qxd6 Qf6 8. Qc7 Nge7 9. Nc3 0-0 10. Be3 b5 11. 0-0-0 Nd4 12. f4 d6 13. f5 d5 14. g4 Re8 15. exd5 Nexf5 16. gxf5 Bxf5 17. Bd3 Bxd3 18. Rxd3 b4 19. Bxd4 exd4 20. Qc4 dxc3 21. Qxb4 cxb2+ 22. Kb1 Red8 23. Rg1 g6 24. d6 a5 25. Qd4 Qxd4 26. Rxd4 Rab8 27. Rdd1 f5 28. a4 Rd7 29. c4 Rc8 30. Kxb2 Rc6 31. Kc3 Kf7 32. Rd5 Kf6 33. c5 g5 34. Kc4 f4 35. Kb5 Rc8 36. c6 Rf7 37. d7 Rb8+ 38. Kc5 1-0

[Event "Villaguay Entre Rios Cup"]
[Site "Villaguay"]
[Date "2017.12.17"]
[Round "5"]
[White "Candarle, Daniel"]
[Black "Rubattino, Jorge"]
[Result "0-1"]
[WhiteElo "1641"]
[BlackElo "1705"]
[PlyCount "72"]
[EventDate "2017.12.15"]
[EventType "swiss"]
[EventRounds "6"]
[EventCountry "ARG"]
[SourceTitle "CBM 182 Extra"]
[Source "ChessBase"]
[SourceDate "2018.02.23"]
[SourceVersion "1"]
[SourceVersionDate "2018.02.23"]
[SourceQuality "1"]

1. d4 Nf6 2. Nf3 c5 3. c3 cxd4 4. cxd4 g6 5. g3 Bg7 6. Bg2 0-0 7. 0-0 d5 8. Nc3 Nc6 9. Bd2 Be6 10. Rc1 Qd7 11. Bg5 Rfd8 12. Na4 b6 13. Bxf6 Bxf6 14. e3 Rac8 15. Qd2 Bh3 16. Rc2 Bxg2 17. Kxg2 Na5 18. Nc3 Nc4 19. Qd3 e5 20. dxe5 Nxe5 21. Nxe5 Bxe5 22. Rd1 Qb7 23. Kg1 d4 24. Ne2 dxe3 25. Rxc8 exf2+ 26. Kxf2 Rxc8 27. Nc3 Qc7 28. Rc1 Rd8 29. Qb5 Rd2+ 30. Kf3 Rxh2 31. Nd5 Qxc1 32. Qe8+ Kg7 33. Qxe5+ Kh6 34. Ne3 Qh1+ 35. Kg4 f5+ 36. Nxf5+ gxf5+ 0-1

[Event "Villaguay Entre Rios Cup"]
[Site "Villaguay"]
[Date "2017.12.16"]
[Round "3"]
[White "Numata, Gaston"]
[Black "Rubattino, Jorge"]
[Result "0-1"]
[WhiteElo "1650"]
[BlackElo "1705"]
[PlyCount "157"]
[EventDate "2017.12.15"]
[EventType "swiss"]
[EventRounds "6"]
[EventCountry "ARG"]
[SourceTitle "CBM 182 Extra"]
[Source "ChessBase"]
[SourceDate "2018.02.23"]
[SourceVersion "1"]
[SourceVersionDate "2018.02.23"]
[SourceQuality "1"]

1. d4 Nf6 2. c4 e5 3. e3 Bb4+ 4. Nc3 Ne4 5. Qc2 d5 6. a3 Bxc3+ 7. bxc3 0-0 8. Nf3 exd4 9. cxd4 c6 10. Bd3 Re8 11. 0-0 Nd7 12. Ne1 Ndf6 13. f3 Ng5 14. Qf2 Qd6 15. e4 dxe4 16. Bxg5 exd3 17. Nxd3 Bf5 18. Bf4 Qd8 19. Nc5 b6 20. Nb7 Qd7 21. Nd6 Re7 22. Nxf5 Qxf5 23. Be5 Nd7 24. Qh4 Rae8 25. Qf4 Qxf4 26. Bxf4 Re2 27. Rf2 h6 28. Kf1 R2e7 29. Rd2 g5 30. Bg3 f5 31. Bf2 Nf6 32. Re1 Kf7 33. Rde2 Rxe2 34. Rxe2 Rxe2 35. Kxe2 h5 36. h4 g4 37. g3 a6 38. Be3 b5 39. cxb5 axb5 40. Bd2 Ke6 41. fxg4 fxg4 42. Kd3 Kd5 43. Bb4 Ne4 44. Be1 Nd6 45. Ke3 Ke6 46. Kf4 Kf6 47. Bc3 Ke6 48. Kg5 Ne4+ 49. Kxh5 Nxc3 50. Kxg4 Ne2 51. h5 Nxd4 52. Kg5 Kf7 53. h6 Nc2 54. Kf5 Nxa3 55. g4 b4 56. g5 b3 57. g6+ Kg8 58. Kf6 b2 59. h7+ Kh8 60. Kf7 b1Q 61. g7+ Kxh7 62. g8Q+ Kh6 63. Qf8+ Kh5 64. Qc5+ Kg4 65. Qxa3 Qe4 66. Qa6 c5 67. Kf6 Qd4+ 68. Ke6 c4 69. Qa5 Qe4+ 70. Kd6 Qd3+ 71. Kc6 Kf3 72. Qh5+ Ke3 73. Kc5 c3 74. Kb4 c2 75. Qh3+ Kd2 76. Qg2+ Kc1 77. Qg1+ Kb2 78. Qg7+ Kb1 79. Qa7 0-1

[Event "Villaguay Entre Rios Cup"]
[Site "Villaguay"]
[Date "2017.12.15"]
[Round "2"]
[White "Rubattino, Jorge"]
[Black "Sarli, Arnoldo"]
[Result "0-1"]
[WhiteElo "1705"]
[BlackElo "1636"]
[PlyCount "154"]
[EventDate "2017.12.15"]
[EventType "swiss"]
[EventRounds "6"]
[EventCountry "ARG"]
[SourceTitle "CBM 182 Extra"]
[Source "ChessBase"]
[SourceDate "2018.02.23"]
[SourceVersion "1"]
[SourceVersionDate "2018.02.23"]
[SourceQuality "1"]

1. e4 c5 2. d4 cxd4 3. c3 d3 4. c4 Nc6 5. Bxd3 e5 6. Nc3 h6 7. Nge2 Nf6 8. 0-0 Bc5 9. a3 0-0 10. b4 Bd4 11. Nxd4 Nxd4 12. Be3 Nc6 13. Bc2 d6 14. f3 a6 15. Qd3 Be6 16. Rad1 Qc7 17. Nd5 Bxd5 18. exd5 Ne7 19. g4 Rac8 20. Rc1 e4 21. fxe4 Qxc4 22. h3 Ng6 23. Qd2 Nxe4 24. Qe1 Nc3 25. Bd1 Qd3 26. Qf2 Ne5 27. Qd2 Nxd5 28. Qxd3 Nxd3 29. Rxc8 Rxc8 30. Bd2 Nc3 31. Bb3 Ne5 32. Kg2 Nb5 33. a4 Nd4 34. Bd5 Rc7 35. Be3 Ndc6 36. Bd2 Kf8 37. Bc3 f6 38. Bb3 Ke7 39. Kg3 Nd8 40. Bd2 Ne6 41. Rc1 Rxc1 42. Bxc1 Nd4 43. Bd1 b5 44. axb5 axb5 45. Be3 Ndc6 46. Bd2 d5 47. Be2 Nc4 48. Be1 Ke6 49. Bd3 Ke5 50. Bc3+ d4 51. Be1 Kd5 52. Kf4 N6e5 53. Be4+ Kd6 54. h4 d3 55. Bc3 d2 56. Bc2 Nd3+ 57. Kf5 Ke7 58. g5 Ne3+ 59. Kg6 Nxc2 60. gxf6+ gxf6 61. Bxd2 Ncxb4 62. Bxh6 Ne5+ 63. Kf5 Nd5 64. Ke4 Ke6 65. Bc1 f5+ 66. Kd4 Nf3+ 67. Kc5 b4 68. h5 Ne5 69. Kd4 f4 70. h6 Ng6 71. h7 f3 72. Kd3 Ke5 73. Bb2+ Kf4 74. Bd4 Kg3 75. Kc4 f2 76. Bxf2+ Kxf2 77. Kb3 Ke2 0-1

[Event "Parana Coronel Memorial"]
[Site "Parana"]
[Date "2017.08.20"]
[Round "6"]
[White "Tiengo, Jeremias"]
[Black "Rubattino, Jorge"]
[Result "0-1"]
[WhiteElo "1335"]
[BlackElo "1712"]
[PlyCount "60"]
[EventDate "2017.08.18"]
[EventType "swiss"]
[EventRounds "6"]
[EventCountry "ARG"]
[SourceTitle "CBM 187 Extra"]
[Source "ChessBase"]
[SourceDate "2018.11.04"]
[SourceVersion "1"]
[SourceVersionDate "2018.11.04"]
[SourceQuality "1"]

1. e4 c5 2. Nf3 Nc6 3. Bc4 g6 4. Nc3 Bg7 5. Be2 d6 6. 0-0 Nf6 7. d3 0-0 8. Be3 Ng4 9. Bd2 Bd7 10. h3 Nge5 11. Nxe5 Bxe5 12. Bg4 e6 13. Qe2 Nd4 14. Qd1 Bg7 15. Rb1 a5 16. a4 h5 17. Bf3 Bc6 18. Ne2 Nxf3+ 19. gxf3 f5 20. Nf4 Qf6 21. Qc1 fxe4 22. fxe4 e5 23. Ng2 Qf3 24. Be3 Bd7 25. h4 Bh3 26. Ne1 Qg4+ 27. Kh2 Bxf1 28. Bg5 Rxf2+ 29. Kh1 Qh3+ 30. Kg1 Qh2# 0-1

[Event "Parana Coronel Memorial"]
[Site "Parana"]
[Date "2017.08.19"]
[Round "3"]
[White "Grospietro, Patricio Alejandro"]
[Black "Rubattino, Jorge"]
[Result "1-0"]
[WhiteElo "1548"]
[BlackElo "1712"]
[PlyCount "81"]
[EventDate "2017.08.18"]
[EventType "swiss"]
[EventRounds "6"]
[EventCountry "ARG"]
[SourceTitle "CBM 187 Extra"]
[Source "ChessBase"]
[SourceDate "2018.11.04"]
[SourceVersion "1"]
[SourceVersionDate "2018.11.04"]
[SourceQuality "1"]

1. d4 Nf6 2. Nf3 d6 3. Bf4 g6 4. e3 Bg7 5. h3 0-0 6. Be2 Nbd7 7. 0-0 b6 8. c4 Bb7 9. Nc3 Ne4 10. Qc2 Nxc3 11. Qxc3 Nf6 12. b4 Qd7 13. Nd2 Ne4 14. Nxe4 Bxe4 15. c5 bxc5 16. bxc5 Rfb8 17. f3 Bc6 18. Rab1 Bb5 19. Bxb5 Rxb5 20. c6 Qf5 21. e4 Qxf4 22. Rxb5 Qg3 23. Rb7 Bh6 24. Qe1 Qxe1 25. Rxe1 Bd2 26. Reb1 Ba5 27. R1b5 Bb6 28. R5xb6 axb6 29. Rxc7 Rxa2 30. Rxe7 Rc2 31. d5 Rc5 32. Rb7 b5 33. c7 Kg7 34. c8Q Rxc8 35. Rxb5 Kf6 36. Rb6 Ke7 37. Rb7+ Kf6 38. Rd7 Ke5 39. Rxf7 h6 40. Re7+ Kf6 41. Re6+ 1-0

[Event "Parana Agmer U2200"]
[Site "Parana"]
[Date "2017.06.11"]
[Round "5.10"]
[White "Rubattino, Jorge"]
[Black "Schaller, Flavio"]
[Result "1-0"]
[WhiteElo "1702"]
[BlackElo "1425"]
[PlyCount "137"]
[EventDate "2017.06.09"]
[EventType "swiss"]
[EventRounds "6"]
[EventCountry "ARG"]
[SourceTitle "EXT 2024"]
[Source "ChessBase"]
[SourceDate "2023.10.10"]
[SourceVersion "1"]
[SourceVersionDate "2023.10.10"]
[SourceQuality "1"]

1. e4 c5 2. d4 cxd4 3. c3 dxc3 4. Nxc3 d6 5. Bc4 Nc6 6. Nf3 Nf6 7. h3 a6 8. a4 g6 9. Be3 Bg7 10. Qd2 0-0 11. Bh6 Bd7 12. Bxg7 Kxg7 13. 0-0 Rc8 14. Ba2 Rc7 15. Rfd1 Qc8 16. Kh2 Nb4 17. Bb3 a5 18. Nd4 Rc5 19. Rac1 Rh5 20. Nd5 Nc6 21. Nxe7 Qe8 22. Ndxc6 bxc6 23. Qxd6 Qb8 24. Bc2 Qxb2 25. f4 Ng4+ 26. Kg1 Qb6+ 27. Qd4+ Qxd4+ 28. Rxd4 Nf6 29. e5 Nd5 30. Nxd5 cxd5 31. Rxd5 Be6 32. Rc5 Rh4 33. Rf1 Ra8 34. Kh2 h6 35. Kg3 g5 36. Rc7 Rc8 37. Rxc8 Bxc8 38. f5 Bd7 39. f6+ Kf8 40. Rd1 Ke8 41. Rb1 Kd8 42. Rd1 Kc7 43. Rc1 Kb6 44. Bb3 Bxa4 45. Bxf7 Rf4 46. Bd5 Be8 47. e6 Rxf6 48. Rc8 Bg6 49. Kg4 Rf4+ 50. Kg3 a4 51. e7 a3 52. e8Q Bxe8 53. Rxe8 Kb5 54. Ra8 Kb4 55. Bg8 Rd4 56. Kf3 Rd2 57. Kg3 Rd4 58. Bf7 Rf4 59. Be8 Rf8 60. Ra4+ Kb3 61. Bc6 Rd8 62. Ra5 Kb2 63. Rb5+ Ka1 64. Ra5 a2 65. Bd5 Rxd5 66. Rxd5 Kb2 67. Ra5 a1Q 68. Rxa1 Kxa1 69. Kg4 1-0